[Event "Torch Real Estate Cup"]
[Site "?"]
[Date "2005.06.22"]
[Round "?"]
[White "Wang, Yue"]
[Black "Bu, Xiangzhi"]
[WhiteElo "2576"]
[BlackElo "2630"]
[Result "1-0"]

1. d4 d5 2. c4 c6 3. Nf3 Nf6 4. e3 e6 5. Nbd2 Nbd7 6. Bd3 Bd6 7. O-O O-O 8. e4 e5 9. cxd5 cxd5 10. exd5 exd4 11. Ne4 Nxe4 12. Bxe4 Nf6 13. Bg5 Be7 14. Bxf6 Bxf6 15. Qd3 h6 16. Nxd4 Qb6 17. Rfd1 Qxb2 18. Rab1 Qxd4 19. Qxd4 Bxd4 20. Rxd4 Rd8 21. Rc4 b5 22. Rc7 a6 23. f4 Bg4 24. d6 Rab8 25. h3 Be6 26. f5 Bd7 27. g4 Rb6 28. Rd1 b4 29. Rb7 Rxb7 30. Bxb7 a5 31. Kf2 g6 32. fxg6 fxg6 33. Ke3 Kg7 34. Ke4 a4 35. Kd5 Be8 36. Bc6 Bf7+ 37. Kc5 Bxa2 38. Bxa4 b3 39. Rd2 b2 40. Rxb2 Be6 41. Bc6 Kf6 42. Rf2+ Kg5 43. Re2 Kf6 44. Bd5 Bd7 45. Re7 h5 46. gxh5 gxh5 47. h4 Bf5 48. Bc4 Ra8 49. Kd4 Ra1 50. Rf7+ Kg6 51. Rf8 Rd1+ 52. Kc5 Rc1 53. Re8 Rd1 54. Be6 Rc1+ 55. Kb6 Rb1+ 56. Kc7 Rc1+ 57. Kd8 Bd3 58. Ke7 Bb5 59. Rg8+ Kh7 60. Rg5 Bc6 61. Bf5+ Kh8 62. Kf8 

1-0

[Event "Chinese Championship"]
[Site "?"]
[Date "2006.07.06"]
[Round "?"]
[White "Bu, Xiangzhi"]
[Black "Wang, Yue"]
[WhiteElo "2640"]
[BlackElo "2598"]
[Result "1/2-1/2"]

1. d4 d5 2. Nf3 Nf6 3. c4 c6 4. e3 Bf5 5. Bd3 Bxd3 6. Qxd3 e6 7. O-O Nbd7 8. Nbd2 Be7 9. e4 dxe4 10. Nxe4 Nxe4 11. Qxe4 O-O 

1/2-1/2

[Event "World Cup"]
[Site "?"]
[Date "2007.11.30"]
[Round "?"]
[White "Wang, Yue"]
[Black "Bu, Xiangzhi"]
[WhiteElo "2703"]
[BlackElo "2692"]
[Result "1-0"]

1. d4 d5 2. Nf3 Nf6 3. c4 c6 4. e3 Bf5 5. Nc3 e6 6. Nh4 Be4 7. f3 Bg6 8. Qb3 Qc7 9. Bd2 Be7 10. Nxg6 hxg6 11. O-O-O dxc4 12. Bxc4 b5 13. Bd3 a6 14. Ne4 Nbd7 15. Kb1 Rc8 16. Nxf6+ gxf6 17. Qc2 c5 18. dxc5 Qxc5 19. Qxc5 Bxc5 20. h4 O-O 21. Be2 f5 22. h5 Nf6 23. hxg6 fxg6 24. Rc1 Kf7 25. a4 Nd5 26. axb5 axb5 27. Rh7+ Kf6 28. e4 Be3 29. exd5 Bxd2 30. Rc6 Ke5 31. Rxe6+ Kxd5 32. Rxg6 Kc5 33. Rb7 Rb8 34. Rgb6 Rxb7 35. Rxb7 b4 36. Kc2 Be1 37. Kd1 Bg3 38. Rb5+ Kd4 39. Rxb4+ Ke3 40. Ba6 Rd8+ 41. Kc1 Kf2 42. Rb5 f4 43. Bb7 Kxg2 44. Kc2 Be1 45. b4 Rd4 46. Rg5+ Kf2 47. b5 Ba5 48. Bc6 Rd2+ 49. Kb3 Rd4 50. Re5 Rd1 51. Re8 Bb6 52. Re6 Rd3+ 53. Kc2 Rd8 54. Be4 Rb8 55. Kd3 Be3 56. Kc4 Ke2 57. Ra6 Kd2 58. Ra8 Rb6 59. Rd8+ Kc1 60. Bc6 Kb2 61. Ra8 Bg1 62. Kd5 Kb3 63. Kd6 Kb4 64. Kc7 

1-0

[Event "Chinese Championship"]
[Site "?"]
[Date "2010.10.13"]
[Round "?"]
[White "Wang, Yue"]
[Black "Bu, Xiangzhi"]
[WhiteElo "2749"]
[BlackElo "2682"]
[Result "1/2-1/2"]

1. d4 d5 2. c4 c6 3. Nc3 Nf6 4. e3 g6 5. Nf3 Bg7 6. Be2 O-O 7. O-O b6 8. b3 Ne4 9. Bb2 Nxc3 10. Bxc3 e6 11. Rc1 Bb7 12. cxd5 exd5 13. b4 a6 14. Ne5 Nd7 15. Nd3 Re8 16. a4 b5 17. Bg4 Nb6 18. Nc5 Bc8 19. Be2 Ra7 20. a5 Nc4 21. Bxc4 bxc4 22. Qf3 Bf8 23. Rfe1 f5 24. Qg3 Bd6 25. f4 Qf6 26. Qf3 Rae7 27. g3 g5 28. Qh5 gxf4 29. gxf4 Qg6+ 30. Qxg6+ hxg6 31. Kf2 Rh7 32. Rh1 Rh3 33. Bd2 Kf7 34. Rcg1 Reh8 35. Rg2 Be7 36. Ke2 Bf6 37. Kd1 R8h4 38. Be1 Rg4 39. Bg3 g5 40. Rf1 gxf4 41. Rxf4 Rg8 42. Rf3 Re8 43. Rgf2 Rh5 44. Kd2 Rg8 45. Kc3 Re8 46. Bd6 Bh4 47. Bg3 Bf6 48. Rf1 Rh3 49. Bf4 Reh8 50. Bg3 Re8 51. Bf4 Reh8 52. Rxh3 Rxh3 53. Bg3 Bh4 54. Bf4 Bf6 55. Kd2 Rh4 56. Bg3 Rh5 57. Rg1 Rg5 58. Rf1 Rh5 59. Bf4 Bg5 60. Be5 Bf6 61. Rf2 Rh3 62. Bf4 Rh4 63. Ke2 Rg4 64. Bg3 Rg8 65. Kd2 Rg4 66. Kc3 Bh4 67. Rf3 Bf6 68. Kd2 Rg8 69. Rf2 Re8 70. Rf1 Rg8 71. Ke2 Re8 72. Kf3 Rh8 73. Rh1 Rh5 74. Bf4 Rh3+ 75. Kf2 Rh4 76. Kg3 Kg6 77. Kf3 Kf7 78. Bg3 Rh5 79. Rg1 Rg5 80. Rf1 Rg8 81. Ke2 Re8 82. Kd2 Rg8 83. Kc3 Re8 84. Bf4 Rg8 85. Bg3 Re8 86. Rf3 Rg8 87. Rf2 Rg4 88. Rf3 Rg8 

1/2-1/2

[Event "Chinese Championship"]
[Site "?"]
[Date "2011.04.07"]
[Round "?"]
[White "Wang, Yue"]
[Black "Bu, Xiangzhi"]
[WhiteElo "2734"]
[BlackElo "2677"]
[Result "0-1"]

1. d4 d5 2. c4 c6 3. Nc3 Nf6 4. e3 g6 5. Nf3 Bg7 6. h3 O-O 7. Bd3 b6 8. O-O Bb7 9. Qe2 e6 10. b3 Nbd7 11. Ba3 Re8 12. Rac1 Qb8 13. Rfd1 a6 14. Na4 Qc7 15. cxd5 exd5 16. Bb2 Ne4 17. Nc3 Nxc3 18. Rxc3 Qd6 19. Rc2 a5 20. a4 Re6 21. Ra1 Qe7 22. Ba3 Qd8 23. Rac1 Bf6 24. Qd1 Kg7 25. Bf1 Be7 26. Bxe7 Qxe7 27. g3 Qb4 28. Rb1 Nf6 29. Ne5 Ne4 30. Nd3 Qd6 31. Bg2 Rae8 32. Nf4 R6e7 33. Rbc1 Qf6 34. h4 h6 35. Nd3 Rd8 36. Qf3 Qe6 37. Qd1 Qd6 38. Qg4 f5 39. Qd1 Qf6 40. Qe1 Rde8 41. Ne5 c5 42. f4 cxd4 43. exd4 g5 44. hxg5 hxg5 45. Rc7 Qd6 46. Rxe7+ Rxe7 47. fxg5 Nxg5 48. Qf2 Qf6 49. g4 f4 50. Rf1 Ba6 51. Rc1 f3 52. Rc6 Qxc6 53. Nxc6 Re2 54. Qh4 Rxg2+ 55. Kh1 Nf7 56. Ne7 f2 57. Nf5+ Kg8 58. Ne3 Rg1+ 59. Kh2 Re1 60. Kg2 Rxe3 61. Kxf2 Re2+ 62. Kf3 Re6 63. Qh5 Bd3 64. Kg3 Be4 65. Qh2 Rf6 66. Qd2 Rf3+ 67. Kh4 Rxb3 68. Qf4 Kg7 69. Qc7 Rb1 70. Kg3 Rb4 71. g5 Rxa4 72. Qe7 Bg6 73. Qf6+ Kh7 74. Qxb6 Ra3+ 75. Kf2 a4 76. Qc5 Ra1 77. Qxd5 a3 78. Kg3 Rd1 79. Kf4 Rd2 80. Ke3 Rd3+ 81. Kf2 Rc3 82. Qa5 Nd6 83. Kg2 Rc2+ 84. Kg3 a2 85. Qa6 Nf5+ 86. Kf4 Rf2+ 87. Ke5 Re2+ 88. Kf4 Rf2+ 89. Ke5 Ne3 90. d5 Rf5+ 91. Kd6 Rxd5+ 92. Ke6 Rf5 93. Qa7+ Bf7+ 94. Ke7 Nd5+ 95. Kf8 Nf4 

0-1

[Event "1st Chinese Celebrity"]
[Site "?"]
[Date "2011.06.13"]
[Round "?"]
[White "Bu, Xiangzhi"]
[Black "Wang, Yue"]
[WhiteElo "2662"]
[BlackElo "2714"]
[Result "1/2-1/2"]

1. c4 Nf6 2. Nc3 e5 3. Nf3 Nc6 4. e4 d6 5. d4 Bg4 6. d5 Nd4 7. Qd3 Bxf3 8. gxf3 g6 9. Nb5 Bg7 10. Nxd4 exd4 11. Bh3 Nh5 12. Bg4 Qh4 13. Bd2 Nf6 14. Rg1 h5 15. Be6 Bh6 16. O-O-O Bxd2+ 17. Rxd2 Qxh2 18. Re1 fxe6 19. e5 O-O-O 20. exf6 e5 21. c5 dxc5 22. Qxg6 Qf4 23. Re4 Rh6 24. Rxf4 Rxg6 25. Rf5 Rf8 26. Rxe5 Rgxf6 27. Rc2 Rf5 28. Rxf5 Rxf5 29. Rxc5 Kd7 30. Kd2 Kd6 31. Rc4 Rf4 32. Rb4 b6 33. Rc4 Rxf3 34. Ke2 Rf4 35. Rc6+ Kxd5 36. Rxc7 a5 37. Rh7 h4 38. Rd7+ Kc4 39. Rc7+ Kb4 40. Rh7 b5 41. f3 a4 42. Rh5 Kc4 43. Rh7 Kc5 44. Rh8 Kb4 45. Rh5 a3 46. bxa3+ Ka4 47. Kf2 d3 48. Ke3 d2 49. Kxd2 Rxf3 50. Rxh4+ Kxa3 51. Rh5 b4 52. Ra5+ Kb2 53. Ra4 Rf4 54. a3 

1/2-1/2

[Event "Tan Lian Ann cup"]
[Site "?"]
[Date "2001.07.30"]
[Round "?"]
[White "Wang, Yue"]
[Black "Petronic, Sanja"]
[WhiteElo "2466"]
[BlackElo "2279"]
[Result "1/2-1/2"]

1. d4 Nf6 2. c4 e6 3. g3 Bb4+ 4. Bd2 Bxd2+ 5. Nxd2 d5 6. Ngf3 O-O 7. Bg2 Qe7 8. Rc1 c6 9. O-O Nbd7 10. a3 Rd8 11. Qc2 b6 12. Qa4 Bb7 13. cxd5 exd5 14. e3 c5 15. Rfd1 Ne4 16. b4 cxd4 17. Nxd4 Ne5 18. Qb3 Qf6 19. f4 Nxd2 20. Rxd2 Nc4 21. Rdd1 a5 22. b5 a4 23. Qc3 Rac8 24. Nc6 Bxc6 25. bxc6 Qxc6 26. Rd4 Qe6 27. Bxd5 Rxd5 28. Rxc4 Rxc4 29. Qxc4 Qxe3+ 30. Kg2 Qd2+ 31. Kh1 Rc5 

1/2-1/2

[Event "6th Gibtelecom Masters"]
[Site "?"]
[Date "2008.01.22"]
[Round "?"]
[White "Wang, Yue"]
[Black "Dzagnidze, Nana"]
[WhiteElo "2698"]
[BlackElo "2429"]
[Result "1/2-1/2"]

1. d4 Nf6 2. c4 e6 3. g3 Bb4+ 4. Bd2 a5 5. Bg2 O-O 6. Nf3 Nc6 7. O-O Bxd2 8. Nbxd2 d6 9. e4 e5 10. d5 Nb4 11. Ne1 c6 12. a3 Na6 13. Nd3 cxd5 14. cxd5 Bd7 15. Nc4 Bb5 16. Qb3 Bxc4 17. Qxc4 Nd7 18. b4 Qb6 19. Rfc1 g6 20. Bh3 Rfd8 21. Ra2 Kg7 22. Rac2 axb4 23. axb4 Rdc8 24. Qxc8 Rxc8 25. Rxc8 Qd4 26. Bxd7 Qxd3 27. R8c4 Qd2 28. Rb1 Qd3 29. Rbc1 Qd2 30. Be8 Kf8 31. Rc8 Qxb4 32. Bb5+ Kg7 33. Bxa6 bxa6 34. R8c4 Qa3 35. R1c3 Qa2 36. Kg2 a5 37. h4 a4 38. Rc7 Qb1 39. Rf3 Qxe4 40. Rxf7+ Kg8 41. Ra7 h6 42. Ra8+ Kg7 43. Ra7+ 

1/2-1/2

[Event "WYb16"]
[Site "?"]
[Date "2002.11.19"]
[Round "?"]
[White "Adly, Ahmed"]
[Black "Wang, Yue"]
[WhiteElo "2294"]
[BlackElo "2495"]
[Result "0-1"]

1. d4 d5 2. Nf3 Nf6 3. e3 c5 4. b3 Nc6 5. Bb2 cxd4 6. exd4 g6 7. Nbd2 Bg7 8. Be2 O-O 9. O-O Ne4 10. c4 Nxd2 11. Qxd2 b6 12. Ne5 Nxe5 13. dxe5 dxc4 14. Qxd8 Rxd8 15. Bxc4 Bb7 16. Rfd1 e6 17. f3 Rac8 18. a4 Bh6 19. Kf2 Bd5 20. Bxd5 Rc2+ 21. Kg3 Rxb2 22. Bc4 Bd2 23. Kh3 Rc2 24. g3 g5 25. Rf1 Bc3 26. Rad1 Rxd1 27. Rxd1 Bxe5 28. Rd8+ Kg7 29. Rd7 Kf6 30. a5 bxa5 31. Rxa7 Bd4 32. Rxa5 h5 33. g4 Be5 34. f4 Bxf4 35. gxh5 Rxh2+ 36. Kg4 Rh4+ 37. Kf3 Rxh5 38. b4 Bd2 39. Ra4 Rh4 40. b5 Rd4 41. b6 g4+ 42. Kf2 Bf4 43. b7 Kg7 44. Ke2 f5 45. Ra7 Kf6 46. Bb5 Rd2+ 47. Kf1 Rb2 48. Bc6 Rb6 49. Bg2 Rb1+ 50. Ke2 Rb2+ 51. Kf1 Kg5 52. Ra6 e5 53. Ra5 Rb4 54. Bc6 Rb6 55. Ra8 e4 56. Rg8+ Kh4 57. Bd7 Rb1+ 58. Kg2 Rb2+ 59. Kg1 Kg3 60. Kf1 Kf3 

0-1

[Event "Tan Lian Ann cup"]
[Site "?"]
[Date "2001.07.25"]
[Round "?"]
[White "Wang, Rui"]
[Black "Wang, Yue"]
[WhiteElo "2509"]
[BlackElo "2466"]
[Result "1/2-1/2"]

1. d4 e6 2. c4 f5 3. g3 Nf6 4. Bg2 d5 5. Nh3 c6 6. O-O Bd6 7. Qc2 O-O 8. Nd2 b6 9. Nf3 Ba6 10. b3 Nbd7 11. Bf4 Qe7 12. cxd5 cxd5 13. Bxd6 Qxd6 14. Qb2 Rfc8 

1/2-1/2

[Event "Tan Lian Ann cup"]
[Site "?"]
[Date "2001.07.27"]
[Round "?"]
[White "Chan, Peng Kong"]
[Black "Wang, Yue"]
[WhiteElo "2393"]
[BlackElo "2466"]
[Result "1/2-1/2"]

1. d4 e6 2. c4 f5 3. g3 Nf6 4. Bg2 d5 5. Nf3 c6 6. O-O Bd6 7. Ne5 O-O 8. Bf4 Qe7 9. Nd2 Nbd7 10. Ndf3 Ne4 

1/2-1/2

[Event "1st WMSG Blitz Indian"]
[Site "?"]
[Date "2008.10.04"]
[Round "?"]
[White "Drozdovskij, Yuri"]
[Black "Wang, Yue"]
[WhiteElo "2587"]
[BlackElo "2736"]
[Result "1-0"]

1. d4 e6 2. c4 f5 3. g3 Nf6 4. Bg2 d5 5. Nf3 c6 6. O-O Bd6 7. Nc3 O-O 8. Qc2 Bd7 9. Rb1 Be8 10. b4 Nbd7 11. b5 Bh5 12. bxc6 bxc6 13. c5 Be7 14. Ng5 Bf7 15. Qa4 Qc8 16. Bd2 Ne4 17. Ngxe4 fxe4 18. e3 Qc7 19. Ne2 Rfb8 20. Qa6 Rxb1 21. Rxb1 Rb8 22. Rxb8+ Nxb8 23. Qa4 Qb7 24. Qb3 Qc8 25. f3 exf3 26. Bxf3 e5 27. Bg2 Bh5 28. Nc3 exd4 29. exd4 Bf6 30. Be3 Nd7 31. Bf2 Nf8 32. Qc2 Qa6 33. Bf1 Qa5 34. Ne2 Bxe2 35. Bxe2 Qb4 36. Qb3 Qd2 37. Qe3 Qxa2 38. Bg4 Qb1+ 39. Kg2 Qg6 40. Bc8 a5 41. Bb7 Bg5 42. Qf3 a4 43. h4 Bc1 44. Qd1 Bb2 45. Qxa4 Qe4+ 46. Kh2 Qe2 47. Kg1 Ne6 48. Qxc6 Qd1+ 49. Kh2 Qe2 50. Qe8+ 

1-0

[Event "7th Open"]
[Site "?"]
[Date "2005.04.05"]
[Round "?"]
[White "Wang, Yue"]
[Black "Najjar, A"]
[WhiteElo "2576"]
[BlackElo "2322"]
[Result "1-0"]

1. c4 e6 2. Nf3 d5 3. d4 c6 4. Qc2 Nf6 5. e3 Bd6 6. Nc3 Nbd7 7. b3 O-O 8. Be2 dxc4 9. bxc4 e5 10. O-O exd4 11. exd4 Re8 12. Rd1 Qa5 13. c5 Be7 14. Bc4 Nf8 15. Bxf7+ Kxf7 16. Ng5+ Kg8 17. Qb3+ Be6 18. Nxe6 Nxe6 19. Qxe6+ Kh8 20. Qb3 Rad8 21. Bf4 Rd7 22. h3 Nh5 23. Bh2 Bg5 24. Re1 Red8 25. Ne4 Be7 26. Qf7 Nf6 27. Nxf6 

1-0

[Event "15th Asiad Men's Rapid"]
[Site "?"]
[Date "2006.12.02"]
[Round "?"]
[White "Wang, Yue"]
[Black "Megaranto, Susanto"]
[WhiteElo "2644"]
[BlackElo "2492"]
[Result "1-0"]

1. c4 Nf6 2. d4 c5 3. Nf3 cxd4 4. Nxd4 e5 5. Nb5 d5 6. cxd5 Bc5 7. N5c3 O-O 8. e3 a6 9. a3 Qe7 10. b4 Ba7 11. Be2 e4 12. Bb2 Rd8 13. Nd2 b5 14. Qc2 Bf5 15. g4 Bxg4 16. Bxg4 Nxg4 17. Qxe4 Qxe4 18. Ncxe4 Nd7 19. Rg1 Nge5 20. Ke2 g6 21. Rac1 Rac8 22. Nd6 Rxc1 23. Rxc1 Bb8 24. Nb7 Re8 25. h3 Nb6 26. d6 Ned7 27. Nb3 f5 28. Bd4 Kf7 29. Bxb6 Nxb6 30. N3c5 Rf8 31. Rd1 Nc4 32. d7 

1-0

[Event "1st Chinese Championship Rapid Men Prelim"]
[Site "?"]
[Date "2011.07.03"]
[Round "?"]
[White "Wang, Yue"]
[Black "Ma, Zhonghan"]
[WhiteElo "2709"]
[BlackElo "2378"]
[Result "1/2-1/2"]

1. Nf3 Nf6 2. c4 c5 3. g3 b6 4. Bg2 Bb7 5. O-O e6 6. Nc3 Be7 7. d4 cxd4 8. Qxd4 d6 9. Rd1 a6 10. Bg5 Nbd7 11. Bxf6 Nxf6 12. Na4 Rb8 13. c5 dxc5 14. Qe5 Bd5 15. Nd2 Bxg2 16. Kxg2 Qd5+ 17. Nf3 Qb7 18. b4 O-O 19. bxc5 Nd7 20. Qd4 Nxc5 21. Nxc5 Bxc5 22. Qg4 h6 23. h4 Rbd8 24. Rac1 Rd7 25. Rxd7 Qxd7 26. Qc4 Qb7 27. a4 a5 28. Rd1 Be7 29. Qb5 Rc8 30. Rd7 Rc7 31. Rxc7 Qxc7 32. Ne5 Bf8 33. f4 Qb7+ 34. Qc6 

1/2-1/2

[Event "Tan Lian Ann cup"]
[Site "?"]
[Date "2001.07.17"]
[Round "?"]
[White "Li, Haoyu"]
[Black "Wang, Yue"]
[WhiteElo "2314"]
[BlackElo "2466"]
[Result "1/2-1/2"]

1. e4 e6 2. d4 d5 3. exd5 exd5 4. Bd3 Bd6 5. Nf3 Nf6 6. O-O O-O 7. h3 c6 8. c4 dxc4 9. Bxc4 Nbd7 10. Nc3 h6 11. Bb3 Nb6 12. Qd3 Nbd5 

1/2-1/2

[Event "Wch G18"]
[Site "?"]
[Date "1999.11.04"]
[Round "?"]
[White "Wang, Yue"]
[Black "Moser, Eva"]
[WhiteElo "2221"]
[BlackElo "2223"]
[Result "1-0"]

1. e4 e6 2. d3 d5 3. Nd2 Nf6 4. Ngf3 c5 5. g3 Be7 6. Bg2 Nc6 7. O-O O-O 8. Re1 Qc7 9. h4 b5 10. Qe2 Bb7 11. e5 Nd7 12. Nf1 Nd4 13. Nxd4 cxd4 14. Bf4 Rfc8 15. Rec1 Qb6 16. Nh2 Rc6 17. c3 dxc3 18. Rxc3 Rxc3 19. bxc3 Rc8 20. Rc1 Qa5 21. Qd2 Nb6 22. Ng4 Ba3 23. Rc2 Na4 24. h5 Rxc3 25. h6 g6 26. Bg5 Qb4 27. Nf6+ Kh8 28. Rxc3 Nxc3 29. Ne8 Kg8 30. Nf6+ Kh8 31. Bf3 Bc6 32. Kg2 Ne4 33. Qe3 

1-0

[Event "Wch U12"]
[Site "?"]
[Date "1999.11.05"]
[Round "?"]
[White "Huang Tong"]
[Black "Wang, Yue"]
[WhiteElo "2418"]
[BlackElo "2344"]
[Result "0-1"]

1. e4 e6 2. d3 c5 3. Nf3 d5 4. Nbd2 Nf6 5. g3 b6 6. Bg2 Bb7 7. Qe2 Be7 8. O-O O-O 9. Re1 Nc6 10. c3 a5 11. e5 Nd7 12. a4 Re8 13. Nf1 Nf8 14. h4 Qc7 15. N1h2 Ba6 16. Qd1 Ng6 17. Qe2 Nf8 18. Bf1 Reb8 19. Ng4 Qb7 20. Bg2 b5 21. axb5 Qxb5 22. Bf1 Qb3 23. Ra3 Qb6 24. Ra2 Bb7 25. Qc2 Qc7 26. h5 d4 27. Nd2 Nd7 28. Nc4 Nb6 29. Bf4 Nd5 30. Bd2 Nb6 31. Bg2 Nxc4 32. dxc4 Nd8 33. Bxb7 Qxb7 34. Rea1 Qf3 35. Qd1 Qxd1+ 36. Rxd1 Nc6 37. Rda1 Ra7 38. f4 Rab7 

0-1

[Event "Tan Lian Ann cup"]
[Site "?"]
[Date "2001.07.02"]
[Round "?"]
[White "Chi, Fengtong"]
[Black "Wang, Yue"]
[WhiteElo "2275"]
[BlackElo "2466"]
[Result "0-1"]

1. e4 e6 2. c4 b6 3. Nc3 Bb7 4. Nf3 Bb4 5. Bd3 Bxc3 6. dxc3 d6 7. O-O Nd7 8. Bg5 Ngf6 9. Re1 h6 10. Bh4 e5 11. b4 g5 12. Bg3 Nh5 13. c5 bxc5 14. Bb5 Nxg3 15. hxg3 c6 16. Bxc6 Bxc6 17. Qxd6 Qf6 18. Qd3 Nb6 

0-1

[Event "Tan Lian Ann cup"]
[Site "?"]
[Date "2001.07.04"]
[Round "?"]
[White "Petronic, Jovan"]
[Black "Wang, Yue"]
[WhiteElo "2389"]
[BlackElo "2466"]
[Result "1/2-1/2"]

1. d4 e6 2. e4 d5 3. Nd2 Nf6 4. Bd3 c5 5. dxc5 Bxc5 6. exd5 Qxd5 7. Ngf3 O-O 8. O-O b6 9. Qe2 Bb7 10. Nb3 Nbd7 11. Bg5 h6 12. Bxf6 Nxf6 13. Rad1 Qh5 14. Ne5 Qg5 15. Nf3 Qh5 

1/2-1/2

[Event "3rd Pearl Spring"]
[Site "?"]
[Date "2010.10.21"]
[Round "?"]
[White "Wang, Yue"]
[Black "Gashimov, Vugar"]
[WhiteElo "2732"]
[BlackElo "2719"]
[Result "1/2-1/2"]

1. d4 Nf6 2. c4 e6 3. Nf3 b6 4. Nc3 Bb4 5. e3 Ne4 6. Qc2 Bb7 7. Bd3 f5 8. O-O Bxc3 9. bxc3 O-O 10. Nd2 Qh4 11. f3 Ng5 12. f4 Nf7 13. e4 Nh6 14. Nf3 Qh5 15. Ba3 Re8 16. Rae1 fxe4 17. Rxe4 Ng4 18. d5 Na6 19. h3 Nf6 20. Re5 Qh6 21. Ng5 exd5 22. cxd5 Nc5 23. Bxc5 bxc5 24. Qb3 Rxe5 25. fxe5 Bxd5 26. Bc4 c6 27. exf6 Qxg5 28. Bxd5+ cxd5 29. f7+ Kf8 30. Qb7 Rd8 31. Qxa7 Qe7 32. a4 Qd6 33. Kh1 Qc6 34. Rb1 Kxf7 35. Rb6 Ra8 36. Rxc6 Rxa7 37. Rxc5 Ke6 38. a5 Kd6 39. Rb5 Kc6 40. Rb8 g6 41. Kg1 Rxa5 42. Rh8 Kb5 43. Rxh7 Kc4 44. Rxd7 Kxc3 45. h4 d4 46. Kf2 Ra2+ 47. Kf3 d3 48. g4 Rh2 49. Kf4 Rxh4 50. Kg5 Rh3 51. Kxg6 d2 52. Rxd2 Kxd2 53. g5 Ke3 54. Kf6 Rf3+ 55. Ke6 Kf4 56. g6 Kg5 57. g7 Rf6+ 58. Ke7 Rg6 59. Kf7 Rxg7+ 60. Kxg7 

1/2-1/2

[Event "7th Open"]
[Site "?"]
[Date "2005.04.11"]
[Round "?"]
[White "Wang, Yue"]
[Black "Georgiev, Ki"]
[WhiteElo "2576"]
[BlackElo "2666"]
[Result "1/2-1/2"]

1. d4 Nf6 2. c4 e6 3. Nc3 Bb4 4. Qc2 O-O 5. a3 Bxc3+ 6. Qxc3 b6 7. Bg5 Bb7 8. e3 d6 9. Ne2 Nbd7 10. Rd1 h6 11. Bh4 a5 12. Qc2 a4 13. Nc3 Ra5 14. f3 Qa8 15. Be2 d5 16. O-O c5 17. cxd5 Nxd5 18. Nxd5 Bxd5 19. Qd2 Rc8 20. e4 Bb3 21. Rc1 Qb7 22. Bf2 Raa8 23. Bb5 Nf8 24. dxc5 bxc5 25. Bc4 Bxc4 26. Rxc4 Nd7 27. Qc2 Qb5 28. Rd1 Ne5 29. Rxc5 Rxc5 30. Qxc5 Qxb2 31. h3 Qb3 32. Rd2 Nd3 33. Qd6 Qb1+ 34. Kh2 Nxf2 35. Rxf2 Rc8 36. Rd2 Rc1 37. Qd4 Kh7 38. e5 Re1 39. Kg3 Qb8 40. f4 g5 41. Qxa4 Kg7 42. Qd4 Qb3+ 43. Kh2 Qxa3 44. Qd8 Qa7 45. Qf6+ Kh7 46. Rf2 Qxf2 47. Qxf7+ 

1/2-1/2

[Event "WJun"]
[Site "?"]
[Date "2005.11.10"]
[Round "?"]
[White "Wang, Yue"]
[Black "Negi, Parimarjan"]
[WhiteElo "2585"]
[BlackElo "2352"]
[Result "1/2-1/2"]

1. d4 Nf6 2. c4 g6 3. Nf3 Bg7 4. g3 d5 5. Bg2 O-O 6. O-O dxc4 7. Na3 c3 8. bxc3 c5 9. Nc4 Nc6 10. e3 Be6 11. Ncd2 Rc8 12. Qa4 Nd5 13. Bb2 Qd7 14. Ng5 b5 15. Qb3 b4 16. Nxe6 fxe6 17. cxb4 cxd4 18. b5 Na5 19. Qa4 Nc3 20. Bxc3 dxc3 21. Nb3 Nc4 22. Bc6 Qd3 23. Nc5 Nb2 24. Qb3 Qc4 25. Nxe6 Rf6 26. Qxc4 Nxc4 27. Nxg7 Kxg7 28. Rfc1 Na3 29. Rxc3 Nxb5 30. Rb3 Rcxc6 31. Rxb5 Rc2 32. Rf1 Ra6 33. Rb7 Kf6 34. Rd1 Raxa2 35. Rd8 Rcb2 36. Rxb2 Rxb2 37. Kg2 a5 38. Rd5 Ra2 39. Kf3 Ke6 40. e4 a4 41. Ra5 Kd6 42. Ra7 

1/2-1/2

[Event "GM Scheveningen"]
[Site "?"]
[Date "2006.07.18"]
[Round "?"]
[White "Wang, Yue"]
[Black "Timofeev, Artyom"]
[WhiteElo "2626"]
[BlackElo "2657"]
[Result "1-0"]

1. c4 Nf6 2. d4 g6 3. Nc3 d5 4. Bg5 Ne4 5. Bh4 Nxc3 6. bxc3 dxc4 7. Qa4+ Qd7 8. Qxc4 b6 9. Bg3 c5 10. Be5 Ba6 11. Qb3 f6 12. Bxb8 Rxb8 13. Nf3 cxd4 14. cxd4 e6 15. e4 Bxf1 16. Kxf1 a5 17. g3 a4 18. Qe3 Bg7 19. h4 h6 20. Kg2 O-O 21. Rhd1 b5 22. Rab1 b4 23. d5 e5 24. h5 g5 25. Rdc1 f5 26. Nh2 Rfd8 27. Rc4 Bf8 28. Nf1 Rdc8 29. Qc1 f4 30. Nh2 Bd6 31. Rc6 Rxc6 32. dxc6 Qe6 33. Qc2 Ra8 34. c7 Rc8 35. Qxa4 Rxc7 36. Rd1 Bc5 37. Qa5 Bb6 38. Qxb4 fxg3 39. Rd8+ Kh7 40. Qf8 

1-0

[Event "RUS-CHN Match Blitz"]
[Site "?"]
[Date "2009.08.23"]
[Round "?"]
[White "Wang, Yue"]
[Black "Timofeev, Artyom"]
[WhiteElo "2736"]
[BlackElo "2681"]
[Result "1-0"]

1. d4 Nf6 2. c4 g6 3. Nc3 d5 4. Bf4 Bg7 5. e3 c5 6. dxc5 Qa5 7. Rc1 dxc4 8. Bxc4 O-O 9. Ne2 Qxc5 10. Qb3 Nc6 11. Nb5 Qh5 12. Ng3 Qh4 13. Nc7 g5 14. Bxg5 Qxg5 15. Nxa8 Qe5 16. O-O Qb8 17. Bxf7+ Kh8 18. Rxc6 Qxa8 19. Rcc1 Qb8 20. Be6 

1-0

[Event "15th Asiad Classical"]
[Site "?"]
[Date "2006.12.10"]
[Round "?"]
[White "Harikrishna, P"]
[Black "Wang, Yue"]
[WhiteElo "2674"]
[BlackElo "2644"]
[Result "1-0"]

1. d4 d5 2. c4 c6 3. Nf3 Nf6 4. Nc3 dxc4 5. a4 Bf5 6. e3 e6 7. Bxc4 Nbd7 8. O-O Bb4 9. Qe2 Bg4 10. h3 Bh5 11. Rd1 O-O 12. e4 Qe7 13. e5 Nd5 14. Ne4 f5 15. Ng3 Bxf3 16. Qxf3 N7b6 17. Bb3 a5 18. Ne2 Qd7 19. h4 Nc7 20. Nf4 Be7 21. h5 Nbd5 22. Nd3 Qd8 23. Bd2 Na6 24. Bxd5 cxd5 25. Nf4 Qb6 26. Qg3 Kf7 27. Ng6 Rfe8 28. Nxe7 Rxe7 29. h6 g6 30. Qh4 Rae8 31. Rac1 Rd7 32. Rc3 Nb8 33. Rdc1 Nc6 34. Qf6+ Kg8 35. Rg3 Qxd4 36. Be3 Qxe5 37. Rxg6+ hxg6 38. Qxg6+ Kf8 39. h7 Ke7 40. Bg5+ Kd6 41. Qxe8 Rxh7 42. Rxc6+ bxc6 43. Qb8+ Rc7 44. Qf8+ 

1-0

[Event "Chinese Championship"]
[Site "?"]
[Date "2011.03.31"]
[Round "?"]
[White "Hou, Yifan"]
[Black "Wang, Yue"]
[WhiteElo "2602"]
[BlackElo "2734"]
[Result "1/2-1/2"]

1. e4 e5 2. Nf3 Nf6 3. Nxe5 d6 4. Nf3 Nxe4 5. d4 d5 6. Bd3 Be7 7. O-O Nc6 8. c4 Nb4 9. Be2 O-O 10. Nc3 Bf5 11. a3 Nxc3 12. bxc3 Nc6 13. Re1 Re8 14. Bf4 dxc4 15. Bxc4 Bd6 16. Rxe8+ Qxe8 17. Bxd6 cxd6 18. Ng5 Bg6 19. h4 Qe7 20. Qg4 h6 21. Nh3 Qe4 22. Qg3 Rc8 23. Qxd6 Nxd4 24. Bd5 Nb5 25. Qd7 Qe8 26. Qxe8+ Rxe8 27. c4 Nd6 28. c5 Be4 29. Rd1 Bxd5 30. Rxd5 Ne4 31. Nf4 Nf6 32. Rd4 Re1+ 33. Kh2 Re4 34. Rd8+ Kh7 35. g3 g5 36. hxg5 hxg5 37. Nd5 Ng4+ 38. Kg2 Kg7 39. Nb4 Rc4 40. Rd5 Kg6 41. c6 bxc6 42. Rd6+ f6 43. Rxc6 Rd4 44. Rc3 Rd2 45. Nd3 Ne3+ 46. Kg1 Nd1 47. Rb3 a5 48. Kf1 a4 49. Ke1 Ra2 50. Rb4 Nc3 51. Nc5 Re2+ 52. Kf1 Ra2 53. Ke1 Rxa3 54. Kd2 Nd5 55. Rxa4 Rxa4 56. Nxa4 

1/2-1/2

[Event "1st Chinese Celebrity"]
[Site "?"]
[Date "2011.06.12"]
[Round "?"]
[White "Wang, Yue"]
[Black "Hou, Yifan"]
[WhiteElo "2714"]
[BlackElo "2612"]
[Result "1/2-1/2"]

1. Nf3 Nf6 2. c4 e6 3. g3 d5 4. Bg2 Be7 5. O-O O-O 6. d4 dxc4 7. Qc2 a6 8. Nbd2 b5 9. Ng5 Ra7 10. a4 h6 11. Nge4 Nxe4 12. Nxe4 Nc6 13. Nf6+ Bxf6 14. Bxc6 Bxd4 15. Rd1 Qf6 16. Rxd4 e5 17. Rh4 Qxc6 18. axb5 Qe6 19. Qxc4 Qxc4 20. Rxc4 axb5 21. Rxa7 bxc4 22. Bd2 Rd8 23. Bc3 e4 24. f3 exf3 25. exf3 Be6 26. Rxc7 Rd7 27. Rc6 Rd3 28. f4 Rf3 29. Rd6 Bh3 30. Rd1 f6 31. Bd4 Kf7 32. Bf2 c3 

1/2-1/2

[Event "GM Scheveningen"]
[Site "?"]
[Date "2006.07.10"]
[Round "?"]
[White "Wang, Yue"]
[Black "Jakovenko, Dmitry"]
[WhiteElo "2626"]
[BlackElo "2667"]
[Result "1/2-1/2"]

1. d4 d5 2. c4 c6 3. Nf3 Nf6 4. Nc3 a6 5. e3 b5 6. c5 Nbd7 7. b4 a5 8. bxa5 Qxa5 9. Bd2 b4 10. Ne2 Ne4 11. Nc1 Nxd2 12. Qxd2 e5 13. Nb3 Qa4 14. Nxe5 Nxe5 15. dxe5 Qxb3 16. axb3 Rxa1+ 17. Ke2 Bxc5 18. Qc2 Ra5 19. f4 f6 20. e6 Bxe6 21. Kf3 f5 22. Bd3 O-O 23. Re1 Bd7 24. g4 fxg4+ 25. Kg3 Bd6 26. Bxh7+ Kh8 27. Bd3 Rc5 28. Qe2 d4 29. exd4 Rh5 30. Kg2 Rxf4 31. Rf1 Rf3 32. Qe4 Rxh2+ 33. Kg1 Rxf1+ 34. Bxf1 g3 35. Qf3 g2 36. Bc4 Rh1+ 37. Kxg2 Rh4 38. Qe3 Rf4 39. Be2 Rf6 40. Qg5 Be6 41. Qh5+ Kg8 42. Qe8+ Bf8 43. Bc4 Bd5+ 44. Bxd5+ cxd5 45. Qd7 g6 46. Qxd5+ Kg7 

1/2-1/2